[Event "Titled Tuesday intern op 16th Apr Early"]
[Site "Chess.com INT"]
[Date "2024.04.16"]
[Round "7"]
[White "Nusrat Jahan, Alo"]
[Black "Fakhretdinova, Margarita"]
[Result "0-1"]
[WhiteElo "1873"]
[BlackElo "2153"]
[PlyCount "70"]
[EventDate "2024.04.16"]
[EventType "swiss (blitz)"]
[EventRounds "11"]
[EventCountry "USA"]
[SourceTitle "CB17_2024"]
[SourceDate "2024.04.24"]
[SourceVersion "1"]
[SourceVersionDate "2024.04.24"]
[SourceQuality "1"]

1. e4 c5 2. Nf3 d6 3. d4 cxd4 4. Nxd4 Nf6 5. Nc3 g6 6. Be3 Bg7 7. f3 0-0 8. Qd2 Nc6 9. 0-0-0 Nxd4 10. Bxd4 Be6 11. Kb1 Qc7 12. g4 Rfc8 13. h4 Qa5 14. a3 Rab8 15. h5 b5 16. hxg6 hxg6 17. Qg5 a6 18. Be2 Qc7 19. Rh3 b4 20. axb4 Rxb4 21. Kc1 Rcb8 22. Nb1 Rxd4 23. Rxd4 Qb6 24. Qd2 Qxb2+ 25. Kd1 Qxb1+ 26. Qc1 Qb6 27. Rd3 Nd7 28. f4 Bxg4 29. Bxg4 Qg1+ 30. Kd2 Qxg4 31. Rdf3 Nc5 32. Qe1 Qg2+ 33. Kc1 Bb2+ 34. Kd1 Bc3 35. Qf1 Rb1# 0-1

[Event "Titled Tuesday intern op 13th Feb Early"]
[Site "Chess.com INT"]
[Date "2024.02.13"]
[Round "4"]
[White "Bogumil, Tatiana"]
[Black "Fakhretdinova, Margarita"]
[Result "0-1"]
[WhiteElo "2090"]
[BlackElo "2153"]
[PlyCount "62"]
[EventDate "2024.02.13"]
[EventType "swiss (blitz)"]
[EventRounds "11"]
[EventCountry "USA"]
[SourceTitle "CB08_2024"]
[SourceDate "2024.02.21"]
[SourceVersion "1"]
[SourceVersionDate "2024.02.21"]
[SourceQuality "1"]

1. Nf3 Nf6 2. c4 c5 3. b3 Nc6 4. Bb2 g6 5. g3 Bg7 6. Bg2 0-0 7. 0-0 d6 8. d4 cxd4 9. Nxd4 Bd7 10. Nc2 Qc8 11. Re1 Bh3 12. Bh1 a5 13. Nc3 Ng4 14. e4 Qb8 15. Rb1 Qa7 16. Qd2 f5 17. Nb5 Qb6 18. Bxg7 Kxg7 19. Ncd4 fxe4 20. Ne6+ Kg8 21. Nxf8 Rxf8 22. Re2 Rxf2 23. Qd5+ Kg7 24. c5 Qxb5 25. Rxf2 Nxf2 26. Kxf2 Ne5 27. Bxe4 Ng4+ 28. Kg1 Qe2 29. Qd4+ e5 30. Qd3 Qf2+ 31. Kh1 Qxh2# 0-1

[Event "Titled Tuesday intern op 13th Feb Early"]
[Site "Chess.com INT"]
[Date "2024.02.13"]
[Round "9"]
[White "Fakhretdinova, Margarita"]
[Black "Valle Luis, Leo"]
[Result "0-1"]
[WhiteElo "2153"]
[BlackElo "2252"]
[PlyCount "74"]
[EventDate "2024.02.13"]
[EventType "swiss (blitz)"]
[EventRounds "11"]
[EventCountry "USA"]
[SourceTitle "CB08_2024"]
[SourceDate "2024.02.21"]
[SourceVersion "1"]
[SourceVersionDate "2024.02.21"]
[SourceQuality "1"]

1. e4 c6 2. d4 d5 3. Nc3 dxe4 4. Nxe4 Nf6 5. Nxf6+ exf6 6. Nf3 Bd6 7. Be2 0-0 8. 0-0 Re8 9. h3 Nd7 10. c3 Nf8 11. Re1 Bf5 12. Qb3 Qd7 13. Bd2 Rad8 14. Bc4 b5 15. Bf1 Bb8 16. g3 Bxh3 17. Rxe8 Rxe8 18. Re1 Bxf1 19. Rxe8 Qxe8 20. Kxf1 Qe4 21. Qd1 h5 22. Kg1 Ne6 23. Nh4 g6 24. Qe1 Qd5 25. b3 Kg7 26. Qe3 Ng5 27. Qe8 Bc7 28. Bxg5 fxg5 29. Ng2 a5 30. Qe7 Bd6 31. Qd8 a4 32. Ne3 Qe6 33. Qxg5 Be7 34. d5 Bxg5 35. dxe6 fxe6 36. f4 Bf6 37. bxa4 bxa4 0-1

[Event "Titled Tuesday intern op 06th Feb Early"]
[Site "Chess.com INT"]
[Date "2024.02.06"]
[Round "11"]
[White "Seder, Mohamad"]
[Black "Fakhretdinova, Margarita"]
[Result "1-0"]
[WhiteElo "2077"]
[BlackElo "2153"]
[PlyCount "57"]
[EventDate "2024.02.06"]
[EventType "swiss (blitz)"]
[EventRounds "11"]
[EventCountry "USA"]
[SourceTitle "CB07_2024"]
[SourceDate "2024.02.14"]
[SourceVersion "1"]
[SourceVersionDate "2024.02.14"]
[SourceQuality "1"]

1. e4 c6 2. Nf3 d6 3. d4 g6 4. Bc4 Bg7 5. c3 Nd7 6. Be3 a5 7. Nbd2 b5 8. Bxf7+ Kxf7 9. Ng5+ Ke8 10. Ne6 Qb6 11. d5 Qb7 12. Nxg7+ Kf7 13. Ne6 cxd5 14. Nd8+ Ke8 15. Nxb7 Bxb7 16. exd5 Bxd5 17. Nf3 Ngf6 18. 0-0 Rf8 19. Bh6 Rf7 20. Ng5 Rc8 21. Re1 Rc4 22. f3 Ne5 23. Qe2 Nh5 24. Nxf7 Kxf7 25. f4 Nc6 26. Rad1 e6 27. Rxd5 exd5 28. Qe8+ Kf6 29. Qe6# 1-0

[Event "Titled Tuesday intern op 24th Oct Late"]
[Site "Chess.com INT"]
[Date "2023.10.24"]
[Round "7"]
[White "Demina, Marya"]
[Black "Fakhretdinova, Margarita"]
[Result "0-1"]
[WhiteElo "1936"]
[BlackElo "2153"]
[PlyCount "144"]
[EventDate "2023.10.24"]
[EventType "swiss (blitz)"]
[EventRounds "11"]
[EventCountry "USA"]
[SourceTitle "Mega2024 Update 01"]
[Source "Chessbase"]
[SourceDate "2023.11.12"]
[SourceVersion "1"]
[SourceVersionDate "2023.11.12"]
[SourceQuality "1"]

1. d4 Nf6 2. Nf3 e6 3. Bg5 Be7 4. e3 0-0 5. Bd3 d5 6. c3 Nbd7 7. Nbd2 Re8 8. 0-0 Bf8 9. Ne5 Be7 10. f4 Nxe5 11. fxe5 Nd7 12. Bxe7 Qxe7 13. Qh5 f5 14. exf6 Nxf6 15. Qg5 e5 16. Bf5 exd4 17. exd4 Qe3+ 18. Qxe3 Rxe3 19. Bxc8 Rxc8 20. Nf3 Rce8 21. Ne5 Re2 22. Rf2 Rxf2 23. Kxf2 Ne4+ 24. Ke2 Rf8 25. Rf1 Nd6 26. b3 Rxf1 27. Kxf1 Nb5 28. Nd7 Nxc3 29. Nc5 b6 30. Na6 c6 31. a4 b5 32. a5 Na2 33. Nb8 Nc1 34. b4 Nd3 35. Nxc6 Kf7 36. Ke2 Nf4+ 37. Kf3 Ne6 38. Ke3 Ke8 39. Kd3 Kd7 40. Ne5+ Kc7 41. Nf3 Nf4+ 42. Kc3 Nxg2 43. Ng5 h6 44. Ne6+ Kd6 45. Nxg7 Ne3 46. Nf5+ Nxf5 47. Kd3 Nh4 48. Ke3 Ng6 49. Kf3 h5 50. h3 a6 51. Kg3 Ke6 52. Kf3 Kf5 53. Kg3 Nf4 54. Kh4 Ke4 55. Kg5 Nxh3+ 56. Kxh5 Kxd4 57. Kg4 Nf2+ 58. Kf5 Nd3 59. Ke6 Nxb4 60. Kd6 Kc4 61. Kc7 d4 62. Kb6 d3 63. Ka7 d2 64. Kb6 d1Q 65. Ka7 Qd7+ 66. Kb6 Nd5+ 67. Kxa6 Nc7+ 68. Kb6 Nd5+ 69. Ka6 Qc6+ 70. Ka7 b4 71. a6 Qc7+ 72. Ka8 Nb6# 0-1

[Event "Titled Tuesday intern op 24th Oct Late"]
[Site "Chess.com INT"]
[Date "2023.10.24"]
[Round "1"]
[White "Seemann, Jakub"]
[Black "Fakhretdinova, Margarita"]
[Result "1-0"]
[WhiteElo "2431"]
[BlackElo "2153"]
[PlyCount "93"]
[EventDate "2023.10.24"]
[EventType "swiss (blitz)"]
[EventRounds "11"]
[EventCountry "USA"]
[SourceTitle "Mega2024 Update 01"]
[Source "Chessbase"]
[SourceDate "2023.11.12"]
[SourceVersion "1"]
[SourceVersionDate "2023.11.12"]
[SourceQuality "1"]

1. Nf3 Nf6 2. d4 g6 3. Nbd2 d5 4. b4 Bg7 5. e3 0-0 6. Bb2 a5 7. b5 a4 8. Ba3 Re8 9. c4 Nbd7 10. Be2 e5 11. dxe5 Nxe5 12. Nxe5 Rxe5 13. Nf3 Re8 14. Bb2 a3 15. Bd4 dxc4 16. Bxc4 Be6 17. Bxe6 Rxe6 18. 0-0 Ne4 19. Qc2 c5 20. bxc6 bxc6 21. Rfd1 Qa5 22. Bxg7 Kxg7 23. Nd4 Ree8 24. Nxc6 Qc7 25. Rac1 Rac8 26. Qb3 Re6 27. f3 Rxc6 28. Rxc6 Qxc6 29. fxe4 Qxe4 30. Rf1 f5 31. h3 Rc2 32. Rf2 Rxf2 33. Kxf2 Qe7 34. Qc3+ Kf7 35. Qc4+ Kf6 36. Qd4+ Qe5 37. Qb6+ Kg5 38. Qd8+ Kh6 39. Qf8+ Qg7 40. Qxa3 Qe5 41. Qf8+ Kh5 42. Qb4 g5 43. a4 f4 44. exf4 gxf4 45. Qb3 Kg6 46. Kg1 Kf5 47. Qc2+ 1-0

[Event "Titled Tuesday intern op 12th Jul Late"]
[Site "Chess.com INT"]
[Date "2022.07.12"]
[Round "1"]
[White "Bilan, Danila"]
[Black "Fakhretdinova, Margarita"]
[Result "1-0"]
[WhiteElo "2303"]
[BlackElo "2153"]
[PlyCount "107"]
[EventDate "2022.07.12"]
[EventType "swiss (blitz)"]
[EventRounds "11"]
[EventCountry "USA"]
[SourceTitle "EXT 2023"]
[Source "ChessBase"]
[SourceDate "2022.10.05"]
[SourceVersion "1"]
[SourceVersionDate "2022.10.05"]
[SourceQuality "1"]

1. d4 Nf6 2. Nf3 d5 3. c4 e6 4. Nc3 Be7 5. Bg5 Nbd7 6. cxd5 exd5 7. e3 0-0 8. Bd3 c6 9. 0-0 Re8 10. Qc2 Nf8 11. Rab1 g6 12. b4 a6 13. a4 Ne6 14. Bh4 Ng7 15. b5 axb5 16. axb5 Bf5 17. bxc6 bxc6 18. Bxf5 Nxf5 19. Bxf6 Bxf6 20. Na4 Rc8 21. Rb6 Ne7 22. Rfb1 Qd6 23. g3 Rb8 24. Qc5 Qc7 25. Ne1 Rxb6 26. Rxb6 Ra8 27. Rb4 Nf5 28. Qb6 Qxb6 29. Nxb6 Ra1 30. Kf1 Nd6 31. Ke2 Be7 32. Rb2 Ne4 33. Nd3 Ra6 34. f3 Nd6 35. Ne5 Bd8 36. Nbd7 Nc4 37. Nxc4 dxc4 38. Rb8 Ra2+ 39. Ke1 Rxh2 40. Rxd8+ Kg7 41. Ne5 c3 42. Rc8 c2 43. Rxc6 f6 44. Rc7+ Kh6 45. Ng4+ Kg5 46. Nxh2 h5 47. Rxc2 h4 48. gxh4+ Kxh4 49. Kf2 Kh3 50. Ng4 f5 51. Ne5 f4 52. e4 g5 53. Rc7 g4 54. Rh7# 1-0

[Event "Titled Tuesday intern op 12th Jul Late"]
[Site "Chess.com INT"]
[Date "2022.07.12"]
[Round "6"]
[White "Sarkar, Justin"]
[Black "Fakhretdinova, Margarita"]
[Result "1-0"]
[WhiteElo "2346"]
[BlackElo "2153"]
[PlyCount "53"]
[EventDate "2022.07.12"]
[EventType "swiss (blitz)"]
[EventRounds "11"]
[EventCountry "USA"]
[SourceTitle "EXT 2023"]
[Source "ChessBase"]
[SourceDate "2022.10.05"]
[SourceVersion "1"]
[SourceVersionDate "2022.10.05"]
[SourceQuality "1"]

1. e3 c5 2. Nf3 Nf6 3. c4 Nc6 4. Nc3 e6 5. d4 cxd4 6. exd4 d5 7. c5 Be7 8. Bb5 Bd7 9. 0-0 0-0 10. Bf4 a6 11. Bxc6 Bxc6 12. b4 Ne4 13. Qc2 Bf6 14. a4 Qd7 15. Be5 Nxc3 16. Qxc3 Bxa4 17. Bxf6 gxf6 18. Qe3 Bb5 19. Rfe1 Kh8 20. Qh6 Qe7 21. Nh4 Bd3 22. Ra3 Be4 23. Rh3 Rg8 24. Rxe4 dxe4 25. Nf5 Rxg2+ 26. Kxg2 Rg8+ 27. Kf1 1-0

[Event "Titled Tuesday intern op 22nd Feb Early"]
[Site "Chess.com INT"]
[Date "2022.02.22"]
[Round "9"]
[White "Gatterer, Florian"]
[Black "Fakhretdinova, Margarita"]
[Result "1-0"]
[WhiteElo "2179"]
[BlackElo "2153"]
[PlyCount "67"]
[EventDate "2022.02.22"]
[EventType "swiss (blitz)"]
[EventRounds "11"]
[EventCountry "USA"]
[SourceTitle "CBM 207 Extra"]
[Source "ChessBase"]
[SourceDate "2022.05.31"]
[SourceVersion "1"]
[SourceVersionDate "2022.05.31"]
[SourceQuality "1"]

1. b3 Nf6 2. Bb2 e6 3. Nf3 b6 4. g3 Bb7 5. Bg2 Be7 6. 0-0 d6 7. c4 Nbd7 8. d4 0-0 9. Nc3 a6 10. Rc1 Rc8 11. Re1 Ne4 12. Qc2 Ndf6 13. Nd2 d5 14. Ndxe4 dxe4 15. Nxe4 Nxe4 16. Bxe4 Bxe4 17. Qxe4 Bf6 18. Bc3 Re8 19. Red1 Qe7 20. Qc2 c5 21. dxc5 Bxc3 22. Qxc3 Rxc5 23. Qd2 Rec8 24. a4 Qc7 25. Ra1 h6 26. h4 b5 27. cxb5 axb5 28. a5 Rc2 29. Qe3 Rc3 30. Qd4 Ra8 31. a6 Rc6 32. a7 Rc5 33. b4 Rc4 34. Qd7 1-0

[Event "Titled Tuesday intern op 01st Feb-A"]
[Site "Chess.com INT"]
[Date "2022.02.01"]
[Round "10"]
[White "Fakhretdinova, Margarita"]
[Black "Nugumanov, Bakhtiyar"]
[Result "1-0"]
[WhiteElo "2153"]
[BlackElo "2364"]
[PlyCount "89"]
[EventDate "2022.02.01"]
[EventType "swiss (blitz)"]
[EventRounds "11"]
[EventCountry "USA"]
[SourceTitle "CBM 206 Extra"]
[Source "ChessBase"]
[SourceDate "2022.03.31"]
[SourceVersion "1"]
[SourceVersionDate "2022.03.31"]
[SourceQuality "1"]

1. Nf3 d5 2. g3 Nf6 3. Bg2 e6 4. d3 Be7 5. 0-0 0-0 6. Nbd2 c5 7. e4 Nc6 8. c3 dxe4 9. dxe4 e5 10. Qc2 Qc7 11. a4 Bg4 12. h3 Bh5 13. Re1 Rfd8 14. Nc4 Rd7 15. Bg5 Rad8 16. Bxf6 Bxf6 17. Rad1 a6 18. Ne3 Ne7 19. Rxd7 Qxd7 20. Rd1 Qc7 21. Rxd8+ Qxd8 22. Qd2 Qxd2 23. Nxd2 Bg5 24. Ndc4 Bxe3 25. Nxe3 f6 26. f4 Be8 27. fxe5 fxe5 28. Nc4 Bxa4 29. Nxe5 Kf8 30. Kf2 Be8 31. Ke3 Nc6 32. Nc4 Ke7 33. Kf4 b5 34. Ne3 Bg6 35. e5 Na5 36. Nd5+ Kd7 37. h4 Nc4 38. Bh3+ Kc6 39. Bg2 Kd7 40. b3 Na5 41. b4 cxb4 42. cxb4 Nc4 43. Bh3+ Kd8 44. e6 Be8 45. e7# 1-0

[Event "Titled Tuesday intern op 01st Feb-A"]
[Site "Chess.com INT"]
[Date "2022.02.01"]
[Round "8"]
[White "Howell, David"]
[Black "Fakhretdinova, Margarita"]
[Result "1-0"]
[WhiteElo "2646"]
[BlackElo "2153"]
[PlyCount "87"]
[EventDate "2022.02.01"]
[EventType "swiss (blitz)"]
[EventRounds "11"]
[EventCountry "USA"]
[SourceTitle "CBM 206 Extra"]
[Source "ChessBase"]
[SourceDate "2022.03.31"]
[SourceVersion "1"]
[SourceVersionDate "2022.03.31"]
[SourceQuality "1"]

1. f3 e5 2. e3 d5 3. d4 Nc6 4. Bb5 Bd6 5. Ne2 Nf6 6. 0-0 0-0 7. Nbc3 exd4 8. exd4 Ne7 9. Bf4 Bf5 10. Qd2 c6 11. Ba4 Re8 12. Rae1 Ng6 13. Bxd6 Qxd6 14. Nd1 Re7 15. Ne3 Bd7 16. Ng3 Qf4 17. Re2 Rae8 18. Rfe1 h5 19. Nef1 Rxe2 20. Rxe2 Rxe2 21. Nxe2 Qd6 22. c3 h4 23. Bc2 Nh5 24. Bxg6 Qxg6 25. Nf4 Nxf4 26. Qxf4 h3 27. g4 Qc2 28. Qd2 Qb1 29. a3 c5 30. Kf2 Bb5 31. Ng3 cxd4 32. cxd4 g6 33. g5 Kg7 34. Ke3 Qg1+ 35. Kf4 Qb1 36. Ke5 Bc4 37. f4 Qh1 38. f5 Qg2 39. f6+ Kh7 40. Qf4 Qxh2 41. Kd6 Qxb2 42. Ke7 Qxa3+ 43. Kxf7 h2 44. Qh4# 1-0

[Event "Titled Tuesday intern op 20th July"]
[Site "Chess.com INT"]
[Date "2021.07.20"]
[Round "4"]
[White "Fakhretdinova, Margarita"]
[Black "Joubert, Dantelle"]
[Result "0-1"]
[WhiteElo "2153"]
[BlackElo "1566"]
[PlyCount "112"]
[EventDate "2021.07.20"]
[EventType "swiss (blitz)"]
[EventRounds "11"]
[EventCountry "USA"]
[SourceTitle "CBM 203 Extra"]
[Source "ChessBase"]
[SourceDate "2021.09.30"]
[SourceVersion "1"]
[SourceVersionDate "2021.09.30"]
[SourceQuality "1"]

1. e4 d5 2. exd5 Nf6 3. Nc3 Nxd5 4. Nxd5 Qxd5 5. Qf3 Qxf3 6. Nxf3 Nc6 7. Bb5 Bd7 8. d4 0-0-0 9. c3 a6 10. Bc4 e6 11. Bf4 Bd6 12. Bxd6 cxd6 13. 0-0-0 d5 14. Bd3 h6 15. Rhe1 Kc7 16. Ne5 Nxe5 17. Rxe5 Bb5 18. Bxb5 axb5 19. a3 Kd6 20. Rde1 Rc8 21. Kd2 Rc7 22. f4 g6 23. g4 h5 24. gxh5 gxh5 25. f5 Re7 26. fxe6 Rxe6 27. h4 Rxe5 28. Rxe5 f6 29. Rf5 Ke6 30. Rf2 Rg8 31. Ke2 Rg4 32. Rh2 f5 33. Kf3 f4 34. Re2+ Kd6 35. Rh2 Ke6 36. Rh1 Kf5 37. Re1 Rg3+ 38. Kf2 Rh3 39. Re5+ Kg4 40. Rg5+ Kxh4 41. Rxd5 Kg4 42. Rd8 Rh2+ 43. Kg1 Rxb2 44. Rg8+ Kf3 45. d5 h4 46. d6 Rd2 47. Rd8 h3 48. d7 h2+ 49. Kh1 Kf2 50. Kxh2 f3 51. Kh3 Kf1 52. Kg3 f2 53. Kf3 Rd3+ 54. Ke4 Rd2 55. Ke3 Re2+ 56. Kd3 Ke1 0-1

[Event "Moscow op-C (Women)"]
[Site "Moscow"]
[Date "2010.02.07"]
[Round "9.28"]
[White "Zizlova, Sofia"]
[Black "Fakhretdinova, Margarita"]
[Result "0-1"]
[WhiteElo "2045"]
[BlackElo "2173"]
[PlyCount "73"]
[EventDate "2010.01.30"]
[EventType "swiss"]
[EventRounds "9"]
[EventCountry "RUS"]
[SourceTitle "EXT 2023"]
[Source "ChessBase"]
[SourceDate "2022.10.05"]
[SourceVersion "1"]
[SourceVersionDate "2022.10.05"]
[SourceQuality "1"]

1. d4 d5 2. c4 e6 3. Nc3 Nf6 4. cxd5 exd5 5. Bg5 Be7 6. e3 c6 7. Qc2 Nbd7 8. Bd3 0-0 9. Nf3 Re8 10. 0-0 Ne4 11. Bxe4 Bxg5 12. Bxh7+ Kh8 13. Nxg5 Qxg5 14. Bd3 Nf6 15. Rae1 Ng4 16. f3 Nh6 17. e4 dxe4 18. fxe4 Be6 19. e5 Qh4 20. Re4 Qh5 21. Qf2 Rad8 22. Rh4 Qg5 23. Ne4 Qe7 24. Nf6 Qf8 25. Qe3 Bd5 26. Rf5 Rd6 27. Qd2 Rxf6 28. exf6 Re6 29. Qg5 b5 30. a3 a5 31. fxg7+ Qxg7 32. Qd8+ Qg8 33. Qxg8+ Kxg8 34. Re5 Rf6 35. g4 Rd6 36. g5 f6 37. Rxh6 0-1

[Event "Moscow op (Women)"]
[Site "Moscow"]
[Date "2009.02.06"]
[Round "7"]
[White "Fakhretdinova, Margarita"]
[Black "Dogodkina, Julia"]
[Result "1-0"]
[WhiteElo "2167"]
[BlackElo "2003"]
[PlyCount "61"]
[EventDate "2009.01.31"]
[EventType "swiss"]
[EventRounds "9"]
[EventCountry "RUS"]
[SourceTitle "EXT 2012"]
[Source "ChessBase"]
[SourceDate "2011.11.24"]
[SourceVersion "1"]
[SourceVersionDate "2011.11.24"]
[SourceQuality "1"]

1. e4 c5 2. b3 Nc6 3. Bb2 e6 4. Nf3 d6 5. Be2 Nf6 6. Nc3 Be7 7. 0-0 a6 8. d4 cxd4 9. Nxd4 e5 10. Nf3 Be6 11. Re1 0-0 12. a4 Rc8 13. Ng5 Nd4 14. Nxe6 fxe6 15. Bd3 Qe8 16. Ne2 Nxe2+ 17. Qxe2 Qg6 18. Bc4 d5 19. exd5 exd5 20. Qxe5 dxc4 21. Qxe7 Rf7 22. Qe6 Rc6 23. Qe5 Qxc2 24. Rad1 Nd7 25. Qd4 Nf8 26. Re8 Rcf6 27. f3 Qxb3 28. Qd5 Qxa4 29. Rxf8+ Kxf8 30. Qd8+ Qe8 31. Ba3+ 1-0

[Event "Moscow op (Women)"]
[Site "Moscow"]
[Date "2009.02.03"]
[Round "4"]
[White "Severiukhina, Zoja"]
[Black "Fakhretdinova, Margarita"]
[Result "0-1"]
[WhiteElo "2327"]
[BlackElo "2167"]
[PlyCount "152"]
[EventDate "2009.01.31"]
[EventType "swiss"]
[EventRounds "9"]
[EventCountry "RUS"]
[SourceTitle "EXT 2012"]
[Source "ChessBase"]
[SourceDate "2011.11.24"]
[SourceVersion "1"]
[SourceVersionDate "2011.11.24"]
[SourceQuality "1"]

1. e4 e5 2. Nf3 Nc6 3. Bb5 a6 4. Ba4 Nf6 5. 0-0 d6 6. Re1 b5 7. Bb3 Be7 8. c3 Na5 9. Bc2 0-0 10. h3 c5 11. d4 Nd7 12. Nbd2 cxd4 13. cxd4 Nc6 14. Nb3 a5 15. Be3 a4 16. Nbd2 Bf6 17. d5 Nb4 18. Bb1 Nc5 19. Nf1 Bd7 20. g4 g6 21. Qd2 Nba6 22. Bh6 Re8 23. Kg2 Rc8 24. Ne3 b4 25. h4 b3 26. a3 Nc7 27. Kg3 Nb5 28. Ng2 Rc7 29. Bg5 Bc8 30. Rh1 Qd7 31. Ne3 Bh8 32. h5 Nd4 33. Nh4 Qb5 34. f3 Qe2 35. Qa5 Rb7 36. Rh2 Qb5 37. Qd2 Rc7 38. Nd1 Ba6 39. Nc3 Qf1 40. Rf2 Qc4 41. Ng2 Bc8 42. Ne3 Qa6 43. Rh2 Bg7 44. Ned1 Qf1 45. Nf2 Ba6 46. Rh1 Ne2+ 47. Nxe2 Qxe2 48. h6 f6 49. Qxe2 Bxe2 50. Bd2 Bf8 51. Re1 Ba6 52. Nd1 Bb5 53. Nc3 Bd7 54. Be3 Rec8 55. Kf2 Kf7 56. Ke2 Be7 57. Kd2 Bd8 58. Rg1 Rb7 59. Ke2 Ba5 60. Bd2 Bb6 61. Rg2 Rbc7 62. f4 Rf8 63. Bd3 Nxd3 64. Kxd3 Bc8 65. Ke2 Ba6+ 66. Kf3 Rc4 67. Rd1 Bd4 68. f5 g5 69. Be1 Rfc8 70. Rc1 Ke7 71. Bd2 R4c7 72. Be1 Bd3 73. Rd2 Bxc3 74. bxc3 Rxc3 75. Rxc3 Rxc3 76. Rb2 Rc1 0-1

[Event "Moscow op (Women)"]
[Site "Moscow"]
[Date "2009.02.01"]
[Round "2"]
[White "Muzychuk, Mariya"]
[Black "Fakhretdinova, Margarita"]
[Result "0-1"]
[WhiteElo "2427"]
[BlackElo "2167"]
[PlyCount "72"]
[EventDate "2009.01.31"]
[EventType "swiss"]
[EventRounds "9"]
[EventCountry "RUS"]
[SourceTitle "EXT 2012"]
[Source "ChessBase"]
[SourceDate "2011.11.24"]
[SourceVersion "1"]
[SourceVersionDate "2011.11.24"]
[SourceQuality "1"]

1. e4 e5 2. Nf3 Nc6 3. Bc4 Nf6 4. d4 exd4 5. e5 d5 6. Bb5 Ne4 7. Nxd4 Bd7 8. Bxc6 bxc6 9. 0-0 Bc5 10. f3 Ng5 11. Be3 Ne6 12. c3 0-0 13. f4 f5 14. Nd2 Bxd4 15. cxd4 Rb8 16. Nb3 a5 17. Qc2 a4 18. Na5 c5 19. dxc5 Bb5 20. Rfd1 d4 21. b3 Qd5 22. bxa4 Ba6 23. Nb3 Rb4 24. c6 Rc4 25. Qb1 g6 26. Rd2 Rd8 27. Qd1 Qe4 28. Bf2 Qxf4 29. Rc1 Rxc1 30. Qxc1 Qxe5 31. Qb2 Qe4 32. h3 Nf4 33. Bxd4 Ne2+ 34. Rxe2 Bxe2 35. Qc1 Rxd4 36. Nxd4 Qxd4+ 0-1

[Event "EU-Cup (Women) 13th"]
[Site "Kallithea"]
[Date "2008.10.23"]
[Round "7"]
[White "Fakhretdinova, Margarita"]
[Black "Kosintseva, Tatiana"]
[Result "0-1"]
[WhiteElo "2147"]
[BlackElo "2513"]
[PlyCount "56"]
[EventDate "2008.10.17"]
[EventType "team-swiss"]
[EventRounds "7"]
[EventCountry "GRE"]
[SourceTitle "CBM 126 Extra"]
[Source "ChessBase"]
[SourceDate "2008.11.05"]
[SourceVersion "1"]
[SourceVersionDate "2008.11.05"]
[SourceQuality "1"]
[WhiteTeam "Attikis Aspropirgos (W)"]
[BlackTeam "Vidnoe Spartak (W)"]
[WhiteTeamCountry "GRE"]
[BlackTeamCountry "RUS"]

1. e4 c5 2. Nf3 d6 3. Bb5+ Nc6 4. Bxc6+ bxc6 5. 0-0 e5 6. h3 Be7 7. Re1 f5 8. d3 Nf6 9. Nbd2 0-0 10. c3 Kh8 11. d4 cxd4 12. cxd4 Nxe4 13. dxe5 d5 14. Nd4 Qe8 15. f3 Ng3 16. N2b3 c5 17. Ne2 Nxe2+ 18. Rxe2 d4 19. Rc2 Qb5 20. Bf4 d3 21. Rc3 c4 22. Nd2 Be6 23. b3 Qc5+ 24. Kh1 Qd4 25. Rac1 Qxf4 26. Nxc4 Rad8 27. Rxd3 Rxd3 28. Qxd3 Qxc1+ 0-1